Campañas electorales, debates y medios de comunicación
Bewaard in:
| Formaat: | Texto |
|---|---|
| Onderwerpen: | |
| Tags: |
Voeg label toe
Geen labels, Wees de eerste die dit record labelt!
|
MARC
| LEADER | 00000 a a2200000 04500 | ||
|---|---|---|---|
| 001 | 6630 | ||
| 003 | |||
| 040 | |||
| 245 | |a Campañas electorales, debates y medios de comunicación | ||
| 650 | |a ELECCIONES | ||
| 650 | |a MEDIOS DE COMUNICACION | ||
| 773 | |g volumen 23, número 1033; páginas 4-5 | ||
| 999 | |c 34984 |d 34984 | ||
